The semiography of wounds in Titus Andronicus

Elmentve itt :
Bibliográfiai részletek
Szerző: Kiss Attila
További közreműködők: Shakespeare William
Dokumentumtípus: Könyv része
Megjelent: 2008
Sorozat:Acta Universitatis Szegediensis de Attila József nominatae : papers in english and american studies 15 No. 1
Papers in English and American studies : Tomus XV. 1. - The iconology of gender : Eastern and Western traditions of European iconography 3. 15 No. 1
Kulcsszavak:Ikonográfia, Angol irodalom - dráma, Angol irodalom története - 16-17. sz.
Tárgyszavak:
Online Access:http://acta.bibl.u-szeged.hu/68807
LEADER 01100naa a2200253 i 4500
001 acta68807
005 20250124111150.0
008 250121s2008 hu o 000 eng d
020 |a 978-963-482-874-7 
022 |a 0230-2780 
040 |a SZTE Egyetemi Kiadványok Repozitórium  |b hun 
041 |a eng 
100 1 |a Kiss Attila 
245 1 4 |a The semiography of wounds in Titus Andronicus  |h [elektronikus dokumentum] /  |c  Kiss Attila 
260 |c 2008 
300 |a 251-256 
490 0 |a Acta Universitatis Szegediensis de Attila József nominatae : papers in english and american studies  |v 15 No. 1 
490 0 |a Papers in English and American studies : Tomus XV. 1. - The iconology of gender : Eastern and Western traditions of European iconography 3.  |v 15 No. 1 
650 4 |a Bölcsészettudományok 
650 4 |a Nyelvek és irodalom 
650 4 |a Általános irodalomtudományok 
695 |a Ikonográfia, Angol irodalom - dráma, Angol irodalom története - 16-17. sz. 
700 0 1 |a Shakespeare William 
856 4 0 |u http://acta.bibl.u-szeged.hu/68807/1/papers_015_001_251-256.pdf  |z Dokumentum-elérés